NRW nach Buchstabe - Z - Statistiken

Allgemein
  • Dieses Quiz wurde 33 mal gespielt
  • Das Durchschnittsergebnis liegt bei 10 aus 18
Antwortstatistiken
Hinweis Antwort % Korrekt
Bezeichnung für ein Kohlebergwerk im Ruhrgebiet Zeche
97%
Beispiele für dieses Medium in NRW sind die WAZ, RP, WZ und Express Zeitungen
90%
Aus dieser Feldfrucht wird der in NRW beliebte Rübensirup gewonnen Zuckerrübe
84%
Spitzname des MSV Duisburg Zebras
74%
Hauptprodukt der Hagener Firma Brandt und Bergische Spezialität Zwieback
68%
Größtes Kohlebergwerk des Potts im Norden von Essen Zollverein
65%
Bekanntes Lied der Düsseldorfer Band Die Toten Hosen, in dem es (unter Umständen) um den Konsum von Kräuterlikör geht Zehn kleine Jägermeister
61%
Marmeladen- und Marzipan-Hersteller mit Sitz in Aachen Zentis
61%
Fußballer, der zwischen 1981 und 1998 seine gesamte Karriere für den BVB spielte und hinterher dort als Sportdirektor arbeitete Michael Zorc
55%
Großer Tierpark in Gelsenkirchen Zoom
55%
Diese in der Weimarer Republik relevante Partei, die weitestgehend in der CDU aufging, hat mittlerweile ihren Sitz in Neuss Zentrum
48%
Römerstadt am Rande der Eifel, in der Chlodwig die Alemannen besiegen konnte Zülpich
42%
In Unna lebender ehemaliger Radfahrprofi, Sprintexperte, WM-Zweiter 2004 und 2006 Erik Zabel
39%
Brasilianischer Fußballer, der 2002 mit Leverkusen Vize-Meister, Vize-Champions-League-Sieger und Vize-DFB-Pokal-Sieger wurde Ze Roberto
35%
Stadtteil im Süden von Köln mit Sitz der Gothaer und von Unicef Deutschland Zollstock
32%
Historische Befestigungsanlage in Jülich und Wesel Zitadelle
19%
Museumsbergwerk im Westen von Dortmund Zollern
19%
Diese Band nahm das Sauerland-Lied auf (Mein Herz schlägt für das Sauerland) Zoff
13%
Keine übereinstimmenden Quizze gefunden
Verteilung der Resultate
Anzahl Personen mit jedem Resultat
Perzentil nach korrekt beantworteten Fragen
Ihre Resultats-Entwicklung
Sie haben dieses Quiz noch nicht gespielt